| 000 | 00963nac a22002291u 4500 | ||
|---|---|---|---|
| 010 | _a 00028065 | ||
| 020 | _a0415184045 (hbk) | ||
| 020 | _a0415184053 (pbk) | ||
| 082 | 0 | 0 |
_a330.94108 _bM8138 |
| 090 |
_c2139 _d2139 |
||
| 100 | _aMore, Charles. | ||
| 245 | 1 | 0 |
_aUnderstanding the industrial revolution / _cCharles More. |
| 260 |
_aLondon ; _aNew York : _bRoutledge,2000 _c2000. |
||
| 300 |
_aix, 188 p. : _bill. ; _c23 cm. |
||
| 504 | _aIncludes bibliographical references and index. | ||
| 650 | 0 | _aIndustrial revolution. | |
| 650 | 0 |
_aIndustrial revolution _zGreat Britain. |
|
| 856 | 4 | 1 |
_3Table of contents only _uhttp://www.loc.gov/catdir/toc/fy042/00028065.html |
| 856 | 4 | 1 |
_3Publisher description _uhttp://www.loc.gov/catdir/enhancements/fy0649/00028065-d.html |
| 942 |
_cBB _k330.94108M8138 |
||
| 999 |
_c2139 _d2139 |
||